00970nam a2200241 a 4500001001000000003000500010005001700015008004100032010001100073011001100084040000900095100003600104245017100140260004100311500006000352502008700412650003600499650003500535650002800570650004400598856001600642856007000658000112097CHAP20220329144246.0151203s2015 mx a |sm |||||||spa d a108558 a109530 cCHAP1 aAparicio Carreño, Joel Abisai10aAnálisis de una manifestación de impacto ambiental de un proyecto hidroagrícola en Cuatrociénegas, Coahuilah[En línea]cpor Joel Abisai Aparacio Carreño. aChapingo, Méx. :bEl autor,c2015. aPara ver el contenido del material haga clic en la liga aTesis (Ingeniero en Recursos Naturales Renovables) -- UACH. Departamento de Suelos14aAguaxAprovechamientoxCoahula.14aImpacto ambientalxAnálisis.14aIrrigaciónxCoahuila.14aMedio ambientexProtecciónzCoahuila. a1 n0000414 aFinding aiduhttp://10.13.5.2/tesis/sist112097.pdfzTeclea aquí